| 000 | 00608nam a22001937a 4500 | ||
|---|---|---|---|
| 003 | OSt | ||
| 005 | 20221110185526.0 | ||
| 008 | 221006b |||||||| |||| 00| 0 eng d | ||
| 040 | _cBiblioteca Lado V | ||
| 082 |
_a741.22 _bC814w |
||
| 100 |
_9371 _aCornelissen, Ronald _eeditor |
||
| 245 |
_aWormhome/ _bInstituto Buena Vista/ |
||
| 260 | _c2007 | ||
| 300 |
_c21x30cm _a64p. |
||
| 650 |
_2Tesauro de Arte & Arquitectura _aDIBUJO |
||
| 650 |
_2Tesauro de Arte & Arquitectura _aCARBONCILLO |
||
| 650 |
_2Tesauro de Arte & Arquitectura _aARTE VISUAL |
||
| 942 |
_2ddc _c1 _h741.22 _iC814w _n0 |
||
| 999 |
_c2572 _d2572 |
||